Statistics for Flags and Vexillology Multiple Choice

Click here to take the quiz!

General Stats

  • This quiz has been taken 66 times
  • The average score is 5 of 12

Answer Stats

QuestionAnswer% Correct
What weapon is on the flag of Barbados?A trident
84%
If you flipped the red and blue on the Costa Rican flag, what flag would you get?The flag of Thailand
81%
What shape is repeated three times on the flag of St. Vincent and the Grenadines?Diamond
76%
What symbol can be found on both the flag of Namibia and the RoC?A twelve-pointed sun
55%
Before it was used for Socialism, what did red flags mostly represent (and still it does on the flags of Latvia, Austria, etc)The blood of Jesus Christ
50%
What is the flag with the most stripes?Malaysia
41%
What is written 22 times on the Iranian flag?The Takbir - Allahu Akbar
40%
What is the central symbol on the flag of South Korea (and Mongolia) called?Taegeuk
38%
What is the flower on the flag of Hong Kong?Orchid Tree Flower
26%
The stripes on the Liberian flag symbolize...The eleven people that signed the Liberian declaration of independence
22%
How many official flags does Uruguay have?3
12%
What do the stars on the flag of the EU represent?Perfection and plentitude
7%

Score Distribution

Percentile by Number Answered

Percent of People with Each Score

Your Score History

You have not taken this quiz